Public-merchandise warehousing, February 1943.

Bibliographic Details
Format: Government Document eBook
Language:English
Published: [Washington] : [s.n.], 1943.
Subjects:
Online Access:Electronic resource (PDF)

MARC

Tag First Indicator Second Indicator Subfields
LEADER 00000cam a22000001i 4500
001 in00003923708
006 m d f
007 cr bn mmmapmmp
008 430215s1943 dcu o f000 0 eng d
005 20250211000330.8
035 |a ebd1943010623 
040 |a UMI  |c UMI  |e rda  |d UtOrBLW 
086 0 |a C 3.102:943/2 
099 |a C3.102..943_2 
110 1 |a United States.  |b Bureau of the Census,  |e issuing body.  |0 http://id.loc.gov/authorities/names/n83054431 
245 1 0 |a Public-merchandise warehousing, February 1943. 
264 1 |a [Washington] :  |b [s.n.],  |c 1943. 
300 |a 1 online resource (1 pages), digital, PDF file 
336 |a text  |b txt  |2 rdacontent 
337 |a computer  |b c  |2 rdamedia 
338 |a online resource  |b cr  |2 rdacarrier 
533 |a Electronic reproduction.  |b [Bethesda, Md.] :  |c ProQuest,  |d 2017  |e digital, PDF file.  |n ProQuest U.S. Executive Branch Documents  |n Mode of access: World Wide Web via ProQuest website. 
588 |a Record is based on online resource; title from PDF title page (ProQuest, last viewed Aug. 2017). Reuse except for individual research requires license from ProQuest, LLC. 
650 0 |a Commercial products.  |0 http://id.loc.gov/authorities/subjects/sh85028954 
650 0 |a Warehouses  |x Management.  |0 http://id.loc.gov/authorities/subjects/sh85145256 
856 4 0 |u http://proxy.library.tamu.edu/login?url=http://congressional.proquest.com/congressional/docview/t66.d71.c3.102..943_2?  |y Electronic resource (PDF)  |t 0 
999 f f |s 99431ccc-d06a-341a-80b5-4606e9783cc3  |i bdcee6c9-b35e-3350-9de6-4e905cfc9801  |t 0 
952 f f |a Texas A&M University  |b College Station  |c Electronic Resources  |d Available Online  |t 0  |h No information provided 
998 f f |t 0  |l Available Online